Countries Most Similar To Singapore - Statistics

General Stats
  • This quiz has been taken 149 times
  • The average score is 11 of 20
Answer Stats
Rank Country Score % Correct
1 Malaysia 67.8
94%
9 China 56.9
88%
12 Indonesia 56.2
88%
8 Thailand 56.9
84%
3 Taiwan 65.6
82%
2 Brunei 66.7
79%
11 Japan 56.6
79%
6 Vietnam 57.6
78%
5 South Korea 57.9
74%
4 Philippines 57.9
72%
20 Australia 51.6
64%
18 New Zealand 52
56%
14 UK 55.4
51%
15 Sri Lanka 53.7
35%
17 Ireland 52.1
24%
13 Fiji 56.1
23%
10 Mauritius 56.7
12%
16 Samoa 53.1
11%
7 Trinidad and Tobago 56
6%
19 Bahamas 52
3%
No matching quizzes found
Score Distribution
Percent of People with Each Score
Percentile by Number Answered
Your Score History
You have not taken this quiz